Polska - Szkocja 8.10.2015 - Statystyki

Ogólne statystyki
  • Ten quiz został rozwiązany 24 razy
  • Średni wynik to 12 z 14
Statystyki odpowiedzi
Pozycja Klub Odpowiedź % Poprawnych
Bramkarz Swansea City Łukasz Fabiański
100%
Obrońca Torino Kamil Glik
96%
Obrońca Borussia Dortmund Łukasz Piszczek
96%
Obrońca Terek Grozny Maciej Rybus
91%
Obrońca Legia Warszawa Michał Pazdan
91%
Napastnik Ajax Amsterdam Arkadiusz Milik
87%
Pomocnik Sevilla Grzegorz Krychowiak
87%
Skrzydłowy Fiorentina Jakub Błaszczykowski
87%
Skrzydłowy Stade Rennais Kamil Grosicki
87%
Napastnik Bayern Monachium Robert Lewandowski
87%
Pomocnik Wisła Kraków Krzysztof Mączyński
78%
Obrońca (zmiennik) Lechia Gdańsk Jakub Wawrzyniak
61%
Obrońca (zmiennik) 1. FC Köln Paweł Olkowski
61%
Pomocnik (zmiennik) Legia Warszawa Tomasz Jodłowiec
52%
Nie znaleziono quizów pasujących do podanych kryteriów
Rozkład punktacji
Procent ludzi z każdym wynikiem
Percentyl według liczby udzielonych odpowiedzi
Twoja historia wyników
Nie rozwiązałeś tego quizu